MARC

LEADER 00000nam0a2200000 4500
001 234857
005 20231101231345.0
010 |b 600 экз. 
035 |a (RuTPU)RU\TPU\book\255986 
090 |a 234857 
100 |a 20130401d1938 k y0rusy50 ca 
101 0 |a rus 
102 |a RU 
105 |a y z 001zy 
200 1 |a Нефтеносность Сибири. Сводка данных по нефтеносности и соленосности нижнего палеозоя Средней Сибири  |f А. Г. Вологдин, Н. А. Гедройц, Л. П. Смирнов  |g Нефтяной геологоразведочный институт 
210 |a Ленинград  |a Москва  |c ОНТИ НКТП  |d 1938 
215 |a 84 с. 
225 1 |a Труды нефтяного геолого-разведочного института 
225 1 |a Серия А  |v Вып. 91 
316 |5 63413507: 181361  |a С автографом автора 
316 |5 63413507: КР-2164  |a На с. 3 дарственная надпись: "Глубокоуважаемому Юрию Алексеевичу Кузнецову от А. Г. Володина 7/III 1938" 
317 |5 63413507: 181361  |a Поступила в НТБ в 1940 г. в составе книжного собрания академика М. А. Усова. 
317 |5 63413507: КР-2164  |a Поступил в НТБ в 2004 г. в составе книжного собрания кафедры общей геологии 
320 |a Библиогр.: с. 79-82 
606 1 |a Геология  |2 stltpush  |3 (RuTPU)RU\TPU\subj\6095  |9 34054 
606 1 |a Нефтегазоносность  |2 stltpush  |3 (RuTPU)RU\TPU\subj\45590  |9 64783 
610 1 |a Сибирь 
610 1 |a соленосные бассейны 
610 1 |a палеозой 
610 1 |a геологические условия 
610 1 |a нефтеносные районы 
610 1 |a Сибирская платформа 
610 1 |a дарственная надпись 
610 1 |a дары автора 
610 1 |a Библиотека М. А. Усова 
610 1 |a Коллекция кафедры общей геологии 
610 1 |a дары библиотеке 
675 |a 55(С18)  |v 3 
675 |a 553.98  |v 3 
700 1 |a Вологдин  |b А. Г.  |c геолог и палеонтолог  |c член-корреспондент АН СССР  |f 1896-1971  |g Александр Григорьевич  |2 stltpush  |3 (RuTPU)RU\TPU\pers\38464  |9 20789 
701 1 |a Гедройц  |b Н. А. 
701 1 |a Смирнов  |b Л. П. 
702 1 |a Кузнецов  |b Ю. А.  |c геолог, петрограф  |c профессор Томского политехнического института  |c с 1959 г. перешел на работу в Институт геологии и геофизики СО АН СССР  |f 1903-1982  |g Юрий Алексеевич  |2 stltpush  |3 (RuTPU)RU\TPU\pers\8363  |4 390 
712 0 2 |a Нефтяной геологоразведочный институт  |c (Ленинград)  |c (1929-1945)  |2 stltpush  |3 (RuTPU)RU\TPU\col\23516  |9 28332 
801 1 |a RU  |b 63413507  |c 20130401 
801 2 |a RU  |b 63413507  |c 20220519  |g RCR 
942 |c BK